000
00327nam a2200145Ia 4500
008
221030s9999 xx 000 0 und d
041
_a
English
082
_a
105.23
100
_a
Rajnesh Kumar/1
245
0
_a
Designe of 400 KV Transmission Line
250
_a
1999
260
_a
Jammu
_c
1999
650
_a
EE
942
_c
TH
999
_c
5878
_d
5878